000 00497nam a2200181Ia 4500
003 OSt
005 20260119163101.0
008 210210b1955 xxu||||| |||| 00| 0 eng d
040 _cAL
041 _aKannada
082 _a859/206
100 _aARAGA (S M)
_9155073
_dಆರಗ (ಎಸ್ ಎಂ)
245 _aKusuma sankole:
_bಕುಸುಮ ಸಂಕೋಲೆ
260 _aBengaluru
_bArunodaya Prakashana
_c1955
690 _aKannada Fiction
_9155074
906 _a020982
942 _2ddc
_cBK
999 _c145144
_d145144